000 00912nam a22002537a 4500
003 OSt
005 20260601171017.0
008 260508b2002\\\\enka||||\||||\00|\0\eng\d
020 _a0470844418
040 _aICI
_bspa
_cICI
050 _aNA2543.S6
_bT69 1994
100 1 _aToy, Maggie,
_eautora.
_934130
245 1 _aRealms of impossibility :
_bwater /
_cMaggie Toy.
300 _a200 páginas :
_bilustraciones (algunas en color), planos ;
500 _aEstudio sobre el uso conceptual y espacial del agua en la arquitectura contemporánea.
504 _aIncluye referencias bibliográficas.
650 _aArquitectura y agua.
_934131
650 _aAgua en la arquitectura.
_934132
650 _aArquitectura contemporánea
_ySiglo XX.
_934133
650 _aDiseño arquitectónico.
650 _aPaisajismo acuático.
_934135
650 _aEspacios urbanos
_xDiseño ambiental.
_934136
942 _2lcc
_cB
_n1
999 _c20738
_d20738